000 00339nam a2200133Ia 4500
005 20260328101531.0
008 260328s9999||||xx |||||||||||||| ||und||
100 _aGatz, Konrad
245 0 _aDetalles Arquitectónicos Modernos /
_cKonrad Gatz
260 _bGustavo Gili
300 _a291 p.
650 _aARQUITECTURA INTERIOR
942 _cBK
999 _c9976
_d9976